2024 NFL Players #2 - Statistics

General Stats
  • This quiz has been taken 38 times
  • The average score is 9 of 20
Answer Stats
Team Number Position Answer % Correct
PHI 6 WR Devonta Smith
91%
GB 33 RB Aaron Jones
82%
TB 6 QB Baker Mayfield
79%
BAL 89 TE Mark Andrews
73%
CAR 30 RB Chuba Hubbard
70%
TB 13 WR Mike Evans
70%
CLE 4 QB Deshaun Watson
67%
LAR 10 WR Cooper Kupp
58%
CLE 2 WR Amari Cooper
52%
LAC 13 WR Keenan Allen
52%
DEN 14 WR Jerry Jeudy
42%
PIT 22 RB Najee Harris
39%
DAL 26 CB Da'Ron Bland
36%
LAC 10 QB Justin Herbert
36%
ATL 8 QB Michael Penix Jr
36%
MIA 14 WR Tyreek Hill
30%
CIN 2 K Evan McPherson
9%
HOU 52 LB Will Anderson Jr
6%
MIA 4 CB Jaylen Ramsey
3%
IND 28 RB Johnathan Taylor
3%
No matching quizzes found
Score Distribution
Percent of People with Each Score
Percentile by Number Answered
Your Score History
You have not taken this quiz